000 01456cam a22002895a 4500
001 E137907
008 000000s2007 xxk 000 0 eng u
035 _a(Sirsi) u137907
041 _aeng
050 0 4 _a692.209411 $2 18
110 2 _aScottish Building Standards Agency
_94655
245 0 4 _aThe Scottish Building Standards procedural handbook
_h[electronic resource]
250 _a2nd ed.
260 _aEdinburgh
_bSBSA
_c2007
300 _avi, 82p. ; 30cm.
520 _aExplains the procedures set up by the Building (Scotland) Act 2003 and the Building (Procedure) (Scotland) Regulations 2004. The purpose of the Handbook is to clarify the intent of the procedure regulations and expand upon the procedures set out by the Act. Unlike the Technical Handbooks and other guidance documents issued by Scottish Ministers to support the building regulations, this handbook has no specific legal status, but is designed to aid the practical operation of the procedures.
520 _aIncludes January 2009 amendments.
520 _aSupersedes 1st ed. (E128243).
650 _aSCOTTISH BUILDING REGULATIONS
650 _aSCOTTISH BUILDING STANDARDS
650 _aBUILDING (SCOTLAND) ACT 2003
650 _aSCOTLAND
651 4 _aScotland
_y1999-
690 _aBUILT ENVIRONMENT-BUILDING STANDARDS
856 4 1 _uhttps://www.scotland.gov.uk/Resource/Doc/217736/0081412.pdf
_zView the item free of charge at www.scotland.gov.uk
942 _n0
999 _c106928
_d106928